L'Egypte vue par des arméniens (XIe-XVIIe siècles) /

محفوظ في:

المؤلف الرئيسي: Kapoïan-Kouymjian, Angèle (مؤلف)

مؤلفون آخرون: Leclant, Jean.

التنسيق: كتاب

اللغة: French

منشور في: Paris : Editions de la Fondation Singer-Polignac, 1988.

الموضوعات:

الوسوم: إضافة وسم

لا توجد وسوم, كن أول من يضع وسما على هذه التسجيلة!

رقم الطلب: DT49.98 .K37 1988

LEADER 01001namaa2200289 4500
001 18919
003 OSt
005 20260324134239.0
008 130303s1988 fr af b 001 0 fre d
010 |a 89102076 
020 |a 2900927218 
040 |c ARCE Library 
043 |a a-tu---  |a f-ua--- 
050 0 4 |a DT49.98 .K37 1988 
100 1 |a Kapoïan-Kouymjian, Angèle,   |e author  |9 33584 
245 1 2 |a L'Egypte vue par des arméniens (XIe-XVIIe siècles) /   |c Angèle Kapoïan-Kouymjian ; préface par Jean Leclant. 
264 1 |a Paris :   |b Editions de la Fondation Singer-Polignac,   |c 1988. 
300 |a x, 93 pages, viii leaves of plates :   |b illustrations ;   |c 27 cm. 
504 |a Includes bibliographical references (pages [75]-83) and index. 
650 0 |a Travelers  |z Armenian. 
651 0 |a Egypt  |x Description and travel. 
651 0 |a Armenia  |x Relations  |z Egypt. 
651 0 |a Egypt  |x Relations  |z Armenia. 
700 1 |a Leclant, Jean.  |9 34567 
901 |a reviewed 
942 |c BK  |2 lcc 
999 |c 15972  |d 15972